Religion Quiz

Random Religion or Bible Quiz

Head-To-Head Bible Mentions Quiz Stats

 Plays Quiz Updated May 7, 2015

Challenge
Share
Tweet
Embed
Score 0/30 Timer 05:00
0 Plays Today
A Most Mentioned % Correct
Martha???
80.6%
Esau???
79.3%
Daniel???
77.9%
Isaiah???
77.6%
Delilah ???
75.3%
Judah???
73.5%
Assyria ???
72.4%
Barnabas???
72.2%
Aaron???
70.2%
God???
68%
Ishmael???
67%
David???
66.2%
Abel???
66.1%
Gideon???
64.8%
James???
64.7%
A Most Mentioned % Correct
Jonathan???
64%
Asenath???
63.8%
Egypt???
63.2%
Edom ???
61.4%
Bethlehem???
60.3%
Ezra???
59.5%
Abigail???
59%
Luke ???
58.3%
Paul???
54.5%
Esther???
49.8%
Lazarus ???
48.6%
Reuben???
47.6%
Adam???
46.8%
Ahab???
41.3%
Earth???
36.6%

You're not logged in!

Compare scores with friends on all Sporcle quizzes.
OR
Log In

You Might Also Like...

Show Comments

Extras

Top Quizzes Today


Score Distribution

Your Account Isn't Verified!

In order to create a playlist on Sporcle, you need to verify the email address you used during registration. Go to your Sporcle Settings to finish the process.

Report this User

Report this user for behavior that violates our Community Guidelines.

Details: